| 000 | 03804nam a22003377a 4500 | ||
|---|---|---|---|
| 001 | TZ 0030 A´1 | ||
| 003 | gtcocun | ||
| 005 | 20251006200752.0 | ||
| 006 | a||||gr|||| 00| 0 | ||
| 007 | ta | ||
| 008 | 251006b2007 gt ||||| m||| 00| 0 eng d | ||
| 040 |
_agtcocun _bSPA _cgtcocun _eRDA |
||
| 041 | _aSPA TZ 0030 A´1 | ||
| 084 | _0TZ 0030 A´1 | ||
| 100 |
_aValdez Morales, Cristhian Alfonzo _eAutor |
||
| 245 |
_aINFORME FINAL DEL EJERCICIO PROFESIONAL SUPERVISADO REALIZADO EN LA GRANJA DEL CENTRO UNIVERSITARIO DEL NORTE, MUNICIPIO DE COBAN, ALTA VERAPAZ. _cCristhian Alfonzo Valdez Morales. _hImpreso |
||
| 264 |
_aCobán, Alta Verapaz: _bUniversidad de San Carlos de Guatemala, Centro Universitario del Norte, Zootecnia _c2007 |
||
| 300 |
_a36 p.: _bIlustraciones, gráficas. _c28 cm; |
||
| 336 |
_2rdacontenido _aTexto _btxt |
||
| 337 |
_2rdamedio _aComputadora _bn |
||
| 338 |
_2rdasoporte _aCódigo en línea _bcr |
||
| 502 | _eTZ 0030 A´1 | ||
| 502 |
_aTesis de grado _bZootecnia, _cUniversidad de San Carlos de Guatemala, Centro Universitario del Norte, Zootecnia _d2007 _oTZ 0030 A´1 |
||
| 520 | 1 | 4 | _aLa investigación fue realizada en la granja pecuaria del Centro Universitario del Norte, ubicada en el municipio de Cobán, departamento de Alta Verapaz, a una altitud de 1,323 metros sobre el nivel del mar, temperatura media anual de 20.1 grados centígrados, humedad relativa de 79.5 por cien y precipitación pluvial media de 2,335.8 milímetros anuales. La finalidad del trabajo fue evaluar tres densidades de población, ocho, diez y doce animales por metro cuadrado, en el engorde de conejos sobre piso de concreto, las variables medidas fueron consumo de alimento, ganancia de peso, conversión alimenticia y rendimiento en canal caliente, también se determinaron los costos de producción para cada tratamiento evaluado. Se utilizaron once hembras reproductoras raza California y tres machos reproductores raza Nueva Zelanda, para la obtención de treinta y seis gazapos machos de 28 días de edad, que conformaron el experimento. Éste tuvo una duración de 56 días, período durante el cual a los animales se les suministró a libre acceso, agua y un alimento comercial balanceado en forma de pellet. El diseño experimental que se utilizó en el trabajo fue completamente al azar, con tres tratamientos y tres repeticiones. Los resultados obtenidos fueron sometidos a un análisis de varianza (ANDEVA), con la finalidad de determinar si existían diferencias significativas entre tratamientos. Los resultados indicaron que no hubo diferencias estadísticas significativas en cuanto a las variables productivas evaluadas. Se obtuvieron consumos voluntarios medios diarios que oscilaron entre los 0.1135 y 0.1294 kilogramos. Se determinaron ganancias diarias de peso de 0.0297, 0.0324 y 0.0298 kilogramos para las densidades ocho, diez y doce gazapos por metro cuadrado. La conversión alimenticia varió entre 3.82 y 4.00, y el rendimiento en canal caliente fue similar para todos los tratamientos, 51.46, 52.74 y 51.26 por cien, respectivamente. Los costos para producir un kilogramo de peso vivo fueron similares en las densidades de diez y doce gazapos por metro cuadrado, sin embargo la densidad ocho por metro cuadrado obtuvo mayores costos para producir la misma cantidad de peso vivo. |
| 650 | 1 | 4 |
_2LEMB _aCobán, Alta Verapaz. _xZootecnia _xConversión _xRendimiento _xDensidad _xTratamientos _xAlimento comercial |
| 700 |
_aLic. Zoot. MPA. Fredy Giovani Macz Choc _eAsesor |
||
| 700 | _aM.V. Axel Vinicio Calderón Barrientos | ||
| 856 |
_uhttps://drive.google.com/file/d/1DsSeiGE21bGVybhGW181YiqT6l6Y8oY9/view _yPDF _zUn ejemplar en línea. |
||
| 942 |
_2ddc _cTES _iTZ 0030 A´1 _kClasificación _n0 _6TZ_0030_000000000000000_A1 |
||
| 999 |
_c2251 _d2251 |
||